Welcome to CU Library Online Public Access Catalogue (OPAC)

WHAT ON EARTH IS THE CHURCH ? (Record no. 6890)

MARC details
000 -LEADER
fixed length control field 00369nam a2200145 4500
005 - DATE AND TIME OF LATEST TRANSACTION
control field 20250709151034.0
008 - FIXED-LENGTH DATA ELEMENTS--GENERAL INFORMATION
fixed length control field m
020 ## - INTERNATIONAL STANDARD BOOK NUMBER
International Standard Book Number 9780281048427
050 ## - LIBRARY OF CONGRESS CALL NUMBER
Classification number BS 2545
Item number GIL
100 ## - MAIN ENTRY--PERSONAL NAME
Personal name GILES, KEVIN
245 ## - TITLE STATEMENT
Title WHAT ON EARTH IS THE CHURCH ?
Remainder of title A BIBLICAL AND THEOLOGICAL INQUIRY
Statement of responsibility, etc. KEVIN GILES
260 ## - PUBLICATION, DISTRIBUTION, ETC.
Place of publication, distribution, etc. LONDON
Name of publisher, distributor, etc. SPCK
Date of publication, distribution, etc. c1995
300 ## - PHYSICAL DESCRIPTION
Extent x, 310p.;
942 ## - ADDED ENTRY ELEMENTS (KOHA)
Source of classification or shelving scheme Library of Congress Classification
Koha item type Books
Suppress in OPAC No
999 ## -
-- 6890
-- 6890
Holdings
Withdrawn status Lost status Source of classification or shelving scheme Damaged status Not for loan Collection Home library Current library Shelving location Date acquired Total checkouts Full call number Barcode Date last seen Copy number Price effective from Koha item type
    Library of Congress Classification     Non-fiction Undergraduate Library (Christ Temple) Undergraduate Library (Christ Temple) General stacks 07/09/2025   BS 2545 GIL ulct00003740 07/09/2025 1 07/09/2025 Books
© 2023-2024 Copyright: Central University Libraries. All Rights Reserved | Created by: Mahone Tech Office